| 000 | 00982cam a2200193ua 4500 | ||
|---|---|---|---|
| 020 | _c25.00 | ||
| 041 |
_aeng _h |
||
| 082 |
_a028.7151 _bVYG/MA |
||
| 100 | _aVygodsky, . | ||
| 110 | 1 |
_aVygodsky . _b _c() |
|
| 245 |
_aMathematical hand book : higher mathematics / _cVygodsky. _hTextual Documents |
||
| 250 |
_a1 / _b. |
||
| 260 |
_aMoscow : _bMir publishers , _c1975. |
||
| 300 | _a872 ; . | ||
| 365 | _a25.00 | ||
| 504 | _a | ||
| 942 | _cBK | ||
| 999 |
_c5476 _d5476 |
||